| 000 | 00763nam a2200229 i 4500 | ||
|---|---|---|---|
| 001 | 93371 | ||
| 003 | ES-MaACL | ||
| 005 | 20230906181202.0 | ||
| 007 | t| | ||
| 008 | 050524s2004 sp ||||1| spa d | ||
| 020 | _a84-9705-528-4 | ||
| 080 | _a821.134.2(729.1)-82"19" | ||
| 100 | 1 |
_aLezama Lima, José. _972118 |
|
| 245 | 1 | 0 |
_aAntología para un sistema poético del mundo de José Lezama Lima / _cedición, introducción y notas de Iván González Cruz. |
| 260 |
_aValencia : _bEditorial UPV, _c[2004] |
||
| 300 |
_a2 v. ; _c22 cm. |
||
| 490 | 1 |
_aColección Letras humanas ; _v22 |
|
| 700 | 1 |
_aGonzález Cruz, Iván. _958520 |
|
| 830 | 0 |
_aColección Letras humanas ; _v22 _9184298 |
|
| 852 |
_aES-MaACL _jL-29110-11 _bR.135410 |
||
| 999 |
_c93371 _d93371 |
||